000 00285nam a22001097a 4500
020 _a0134233697
100 _aMATO ANTHEA,HOPKINS JEAN,JOHNSON SUSAN, et al
245 _aMATTER:building block of the universe
260 _aUSA
_bPRENTICE HALL
_c1997
300 _a172
_bILL
942 _cBK
999 _c251123
_d251123